000 00801cab a2200205 4500
001 WB2721-34
008 090401t1991 xxu||||| |||| 00| 0 eng d
035 _a(Sirsi) u60139
041 _aeng
245 _aAdvert display
260 _c1991
350 _a0
490 _aChartered Surveyor Weekly
_v35(9) 30 Nay 1991, 56(1)
520 _aIn Kingsley and another v Hammersmith and Fulham LBC , QBD 26 April 1991, it was held that the prosecuting function of a local authority to convict for the displaying of an advertising hoarding was not subject to Town and Country Planning (Control of Advertisements) Regulations 1989.
650 _aCONTROL OF ADVERTISEMENTS REGULATIONS 1989
650 _aLAW CASES
690 _aPLANNING LAW AND PRACTICE-CASE LAW
942 _n0
948 _c04/03/1997
999 _c37046
_d37046